000
00298nam a2200133Ia 4500
008
221030s9999 xx 000 0 und d
041
_a
English
082
_a
105.23
_b
MCA
245
0
_a
Expert Data Structures With C++
_b
FLOPPY
260
_c
2006
650
_a
Book
700
_a
Rauthan
942
_c
CD
999
_c
273
_d
273